000 00310nam a22001457a 4500
008 210309b ||||| |||| 00| 0 eng d
020 _a785342321241
041 _aeng
080 _a004
082 _a004
100 _a28
101 _aSHKI
245 _aCustomizing Windows XP
_cRizzo, J
942 _2udc
_cBK
999 _c56070
_d56070